| 000 | 00503nam a2200181Ia 4500 | ||
|---|---|---|---|
| 999 |
_c9479 _d9479 |
||
| 003 | OSt | ||
| 005 | 20191227143014.0 | ||
| 008 | 190216s9999||||xx |||||||||||||| ||und|| | ||
| 020 | _a0333154169 | ||
| 040 | _coclc | ||
| 082 |
_a330.184 _bALL/M |
||
| 100 |
_aAllen, R G D _9758 |
||
| 245 | 0 |
_aMacroeconomic Theory / _cR G D Allen |
|
| 260 | _bTata Mcgraw Hill Publishing Company Ltd, | ||
| 300 | _a420p | ||
| 650 | _aEconomics | ||
| 942 |
_cBK _2ddc _h330.184 _iALL/M _k330.184 _mALL/M |
||